000 00862nam a2200265 4500
003 OSt
005 20260601171011.0
008 260507b2009\\\\sp\a||||\||||\00|\0\spa\d
020 _a9788496954137
040 _aICI
_bspa
_cICI
041 _aspa
050 _aNA9224.B3
_bG83
100 1 _aGuallart, Vicente,
_eautor
_933081
245 1 _aGeo logics :
_bgeografía, información, arquitectura /
_cVicente Guallart
264 _aBarcelona :
_bActar,
_c2009
300 _a544 páginas :
_bilustraciones
336 _atexto
_2rdacontent
337 _asin medio
_2rdamedia
338 _avolumen
_2rdacarrier
650 _arbanización
_zEspaña
_zBarcelona
_933082
650 _aUrbanización
_zEspaña
_zBarcelona
_933083
650 _aPolítica urbana
_zEspaña
_933084
651 _aBarcelona (España)
_xConstrucciones, estructuras, etc.
_933085
942 _2lcc
_cB
_n1
999 _c20493
_d20493